[Event "Challenge"]
[Site "http://www.queenalice.com/game.php?id=182832"]
[Date "2007.3.16"]
[Round "-"]
[White "Sandrio2006"]
[Black "UnknownKnight"]
[Result "0-1"]
[WhiteElo "1481"]
[BlackElo "1993"]

1. g3 d5 2. b3 e5 3. Bb2 Nc6 4. Bg2 Bf5 5. Nf3 Bd6 6. h4 Nf6 7. O-O Qd7 8. Nc3
h6 9. a4 Bh3 10. Ba3 e4 11. Ne1 Bxa3 12. Rxa3 g5 13. h5 O-O-O 14. a5 Nxh5 15. e3
Nf6 16. f3 g4 17. f4 h5 18. a6 b6 19. Ra4 h4 20. d3 Bxg2 21. Kxg2 h3+ 22. Kh2
exd3 23. Qxd3 d4 24. Nb5 dxe3 25. Rc4 Qe6 26. Nd4 e2 27. Nxe6 Rxd3 28. Rf2 Re3
29. Ng5 Na5 30. Ra4 Rd8 31. Ra1 Rd1 32. Rxe2 Rxe2+ 0-1

[Event "Challenge"]
[Site "http://www.queenalice.com/game.php?id=182834"]
[Date "2007.3.16"]
[Round "-"]
[White "Sandrio2006"]
[Black "GoA"]
[Result "1-0"]
[WhiteElo "1469"]
[BlackElo "1168"]

1. Nc3 Nf6 2. Nf3 d5 3. e3 e6 4. Ne5 Bd6 5. d4 c5 6. Bb5+ Nbd7 7. Na4 a6 8. Nb6
Qxb6 9. a4 axb5 10. a5 Rxa5 11. Rxa5 Qxa5+ 12. Bd2 Qa2 13. b3 Nxe5 14. dxe5 Bxe5
15. f4 1-0

[Event "Challenge"]
[Site "http://www.queenalice.com/game.php?id=182836"]
[Date "2007.3.16"]
[Round "-"]
[White "Sandrio2006"]
[Black "farofa38"]
[Result "0-1"]
[WhiteElo "1473"]
[BlackElo "1557"]

1. b3 e5 2. Bb2 f6 3. g3 b5 4. Bg2 c6 5. Nf3 Bc5 6. O-O e4 7. Nh4 d5 8. a4 bxa4
9. Rxa4 g5 10. Nf3 exf3 11. exf3 h5 12. b4 Bb6 13. Qe1+ Kf8 14. f4 gxf4 15. gxf4
Rh7 16. Qe3 Bxe3 17. dxe3 Ba6 18. Rd1 Qd7 19. Ra5 Qg4 20. f3 Qg6 21. e4 Rg7 22.
Rd2 Nd7 23. Rxa6 Ne7 24. f5 Qg5 25. Rf2 dxe4 26. fxe4 Rg8 27. Bc3 Qc1+ 28. Rf1
Qxc2 29. Bd2 h4 30. Kh1 Qd3 31. Ra3 Qe2 32. Bh3 Qxe4+ 33. Raf3 Ne5 34. Bh6+ Ke8
35. Bg2 Nxf3 36. Bxf3 Qxf5 37. Nc3 Qd3 38. Bh5+ Kd8 39. Rf3 Qc2 40. h3 Qg2# 0-1

[Event "CP5_TOTAL"]
[Site "http://www.queenalice.com/game.php?id=185187"]
[Date "2007.3.20"]
[Round "-"]
[White "moronipimenta"]
[Black "Sandrio2006"]
[Result "1-0"]
[WhiteElo "1707"]
[BlackElo "1476"]

1. Nc3 b6 2. e4 g6 3. d3 Bb7 4. Nf3 Bg7 5. Bd2 Nc6 6. Be2 Nf6 7. e5 Ng4 8. d4
O-O 9. h3 Nh6 10. d5 Nb8 11. Qc1 b5 12. Bxh6 b4 13. Bxg7 Kxg7 14. Na4 Bxd5 15.
Qd2 c6 16. Qxb4 a5 17. Qb7 Na6 18. Bxa6 Rb8 19. Qa7 c5 20. Qxc5 e6 21. O-O-O Bc6
22. Rd4 Ra8 23. Be2 Re8 24. h4 h5 25. Nb6 Qe7 26. Qxe7 Rxe7 27. Nxa8 Bxa8 28.
Ra4 Bc6 29. Rxa5 Re8 30. Rd1 d5 31. exd6 Rd8 32. Ne5 Be4 33. Ra7 Rc8 34. Rxf7+
Kg8 35. Rc7 Ra8 36. d7 Kg7 37. d8+=Q+ 1-0

[Event "Challenge"]
[Site "http://www.queenalice.com/game.php?id=185745"]
[Date "2007.3.21"]
[Round "-"]
[White "claudiocaire"]
[Black "Sandrio2006"]
[Result "0-1"]
[WhiteElo "1577"]
[BlackElo "1464"]

1. e4 b6 2. Bc4 Bb7 3. Qf3 f6 4. Nh3 Nc6 5. c3 e5 6. Ng5 Qe7 7. Nf7 Na5 8. Nxh8
Nxc4 9. b3 Na5 10. Ba3 d6 11. Qh5+ g6 12. Nxg6 hxg6 13. Qxg6+ Qf7 14. Qg4 Bc8
15. Qg3 Bd7 16. d4 O-O-O 17. dxe5 fxe5 18. Qd3 Nf6 19. b4 Nc4 20. Bc1 Ng4 21.
O-O Be7 22. Qd5 Be6 23. Qa8+ Kd7 24. Qxa7 Rh8 25. Na3 Nxh2 26. Rd1 Qg6 27. g3
Nf3+ 28. Kf1 Rh1+ 29. Ke2 Qxe4+ 30. Be3 Bg4 31. Rxh1 Nfd2+ 32. f3 Qxf3+ 33. Ke1
Qe2# 0-1

[Event "AUTO-INT-410"]
[Site "http://www.queenalice.com/game.php?id=194601"]
[Date "2007.4.10"]
[Round "1"]
[White "erivaldoadao"]
[Black "Sandrio2006"]
[Result "1-0"]
[WhiteElo "1605"]
[BlackElo "1534"]

1. e4 e5 2. Nf3 g5 3. Bc4 g4 4. Nxe5 h5 5. Nxf7 Qf6 6. Nxh8 Qxh8 7. d3 Nc6 8. c3
d6 9. O-O Bd7 10. Bg5 Nge7 11. Nd2 O-O-O 12. Bd5 Ne5 13. Be3 c6 14. Bb3 Nxd3 15.
Rb1 Ng6 16. Bg5 Re8 17. Bf7 Re5 18. Be3 c5 19. Bxg6 Re6 20. Bf5 Re8 21. Nc4 Ne5
22. Bxd7+ Kxd7 23. Bxc5 Nxc4 24. b3 b6 25. bxc4 bxc5 26. Rb7+ Ke6 27. Qd5+ Kf6
28. Rf7+ Kg6 29. Qf5+ Kh6 30. Rf6+ Qxf6 31. Qxf6+ Kh7 32. Qf7+ Bg7 33. Qxe8 Bxc3
34. Qe7+ 1-0

[Event "AUTO-INT-410"]
[Site "http://www.queenalice.com/game.php?id=194602"]
[Date "2007.4.10"]
[Round "1"]
[White "Sandrio2006"]
[Black "erivaldoadao"]
[Result "1-0"]
[WhiteElo "1530"]
[BlackElo "1551"]

1. g3 e5 2. Bg2 Nf6 3. e3 Bc5 4. Nf3 Nc6 5. O-O d6 6. Nc3 h6 7. a3 Bg4 8. b4 Bb6
9. b5 Na5 10. h3 Be6 11. d4 Bc4 12. Re1 O-O 13. Nh4 exd4 14. exd4 c6 15. a4 c5
16. Qf3 a6 17. Nf5 Be6 18. Ne3 Rb8 19. dxc5 Bxc5 20. g4 Nc4 21. Nxc4 Bxc4 22. g5
hxg5 23. Bxg5 Bb4 24. Bf4 Bxc3 25. Qxc3 Rc8 26. Bxb7 Rc7 27. bxa6 Nd5 28. Qd4
Nxf4 29. Qxf4 f6 30. Rab1 Bxa6 31. Bxa6 Rd7 32. Bd3 Re8 33. Rxe8+ Qxe8 34. Bb5
Qe5 35. Qc4+ Kf8 36. Bxd7 Qg5+ 37. Kf1 g6 38. Rb8+ Kg7 39. Qg8+ Kh6 40. Qh8# 1-0

[Event "AUTO-INT-410"]
[Site "http://www.queenalice.com/game.php?id=194617"]
[Date "2007.4.10"]
[Round "1"]
[White "Sandrio2006"]
[Black "kwtennis311"]
[Result "1-0"]
[WhiteElo "1478"]
[BlackElo "1703"]

1. b3 e5 2. e4 d6 3. Qf3 Nc6 4. Nh3 Nf6 5. g4 Bxg4 6. Qe3 Qd7 7. f3 Bxh3 8. Bb2
Bxf1 9. Rxf1 Be7 10. Nc3 O-O-O 11. O-O-O h6 12. b4 Kb8 13. Rg1 g5 14. Ne2 1-0

[Event "AUTO-INT-410"]
[Site "http://www.queenalice.com/game.php?id=194618"]
[Date "2007.4.10"]
[Round "1"]
[White "kwtennis311"]
[Black "Sandrio2006"]
[Result "1-0"]
[WhiteElo "1646"]
[BlackElo "1481"]

1. e4 e5 2. Nf3 Qf6 3. Nc3 g5 4. d4 g4 5. dxe5 Qb6 6. Nd4 h5 7. Bc4 c5 8. Nf5
Nc6 9. Nd5 Qa5+ 10. Bd2 Qd8 11. Bc3 a6 12. a4 Na5 13. b3 Ne7 14. Nf6# 1-0

[Event "AUTO-INT-410"]
[Site "http://www.queenalice.com/game.php?id=194619"]
[Date "2007.4.10"]
[Round "1"]
[White "Sandrio2006"]
[Black "nas"]
[Result "0-1"]
[WhiteElo "1503"]
[BlackElo "1534"]

1. g3 d5 2. d4 Nf6 3. e3 Nc6 4. Bg2 e5 5. g4 Bxg4 6. Qd2 Bb4 7. c3 Be7 8. h3 Bh5
9. b4 O-O 10. b5 Na5 11. Nf3 Nc4 12. Qc2 exd4 13. Nxd4 Bg6 14. Qa4 Bd6 15. h4
Qd7 16. Bf3 a6 17. h5 axb5 18. Qd1 Be4 19. Bxe4 Nxe4 20. h6 g6 21. f3 Bg3+ 22.
Ke2 Nf2 23. Qg1 Nxh1 24. Qxh1 Rae8 25. Qg1 Bf4 26. Kf2 Rxe3 27. Qg4 Qxg4 28.
fxg4 Re4 29. Ne2 Rxe2+ 30. Kxe2 Bxc1 31. Kd1 Bb2 0-1

[Event "AUTO-INT-410"]
[Site "http://www.queenalice.com/game.php?id=194620"]
[Date "2007.4.10"]
[Round "1"]
[White "nas"]
[Black "Sandrio2006"]
[Result "1-0"]
[WhiteElo "1506"]
[BlackElo "1481"]

1. e4 e5 2. Nf3 g5 3. Nxe5 Qf6 4. d4 c5 5. Nc3 d6 6. Ng4 Qe7 7. Nd5 Qxe4+ 8. Qe2
Bf5 9. f3 Qe6 10. Nc7+ Kd7 11. Nxe6 Be7 12. Nxg5 h5 13. Nxf7 Rh7 14. Ngh6 Nxh6
15. Nxh6 Be6 16. Qb5+ Kc8 17. dxc5 a6 18. Qe8+ Kc7 19. Qg6 Rxh6 20. Bxh6 Bd7 21.
Bf4 Kc6 22. cxd6 Bd8 23. O-O-O 1-0

[Event "AUTO-INT-411"]
[Site "http://www.queenalice.com/game.php?id=194851"]
[Date "2007.4.10"]
[Round "1"]
[White "holandes"]
[Black "Sandrio2006"]
[Result "0-1"]
[WhiteElo "1552"]
[BlackElo "1507"]

1. e4 Nf6 2. e5 Ng4 3. Qxg4 h5 4. Qf3 e6 5. Ba6 c6 6. Bd3 Bc5 7. Nh3 g5 8. Bc4
g4 9. Qg3 gxh3 10. Qxh3 d5 11. Bb3 Nd7 12. c3 d4 13. O-O dxc3 14. dxc3 Nxe5 15.
Nd2 Bd7 16. Rd1 Qf6 17. Ne4 Qe7 18. Bg5 f6 19. Bxf6 Qh7 20. Bxh8 Qxe4 21. Qxh5+
Ng6 22. Bg7 Be7 23. Re1 Qf5 24. Re5 Qf7 25. f4 Nxe5 26. Qxe5 b6 27. Rf1 Bc5+ 28.
Kh1 Kd8 29. f5 Kc8 30. g3 Kb7 31. Kg2 Qh5 32. Bxe6 Be8 33. Qf6 Qe2+ 34. Kh3
Qxf1+ 35. Kh4 Qe2 36. b4 Qh5# 0-1

[Event "AUTO-INT-411"]
[Site "http://www.queenalice.com/game.php?id=194852"]
[Date "2007.4.10"]
[Round "1"]
[White "Sandrio2006"]
[Black "holandes"]
[Result "1-0"]
[WhiteElo "1488"]
[BlackElo "1567"]

1. Nf3 d5 2. d4 e6 3. Ne5 Bd6 4. e3 f6 5. Qh5+ g6 6. Nxg6 Kd7 7. Nxh8 f5 8.
Qxh7+ Be7 9. Nf7 Qe8 10. Ne5+ Kd6 11. Nc3 a6 12. b3 Nf6 13. Ba3+ c5 14. Bxc5+
Kc7 15. Qg7 Nc6 16. Bd6+ Kd8 17. Nb5 axb5 18. Nf7+ Kd7 19. Bg3 Nh5 20. Qg6 Nf6
21. Bxb5 Ne4 22. Bf4 Bb4+ 23. Ke2 Nc3+ 24. Kd3 Nxb5 25. h4 Bc3 26. Rag1 Nb4+ 27.
Ke2 Rxa2 28. Ne5+ Ke7 29. Bg5+ Kf8 30. Qh6+ Kg8 31. Bf6 Rxc2+ 32. Kf3 Nxd4+ 33.
exd4 Nd3 34. Qg7# 1-0

[Event "AUTO-INT-411"]
[Site "http://www.queenalice.com/game.php?id=268775"]
[Date "2007.9.8"]
[Round "2"]
[White "FrankC"]
[Black "Sandrio2006"]
[Result "1-0"]
[WhiteElo "1822"]
[BlackElo "1612"]

1. e4 e5 2. Nf3 Nc6 3. Bb5 Nce7 4. Nxe5 Nh6 5. Qf3 c6 6. Bc4 d5 7. exd5 cxd5 8.
Bb5+ Nc6 9. Nxc6 bxc6 10. Bxc6+ Bd7 11. Bxa8 Qxa8 12. Qf4 Be7 13. d4 Bb5 14. c3
O-O 15. Qc7 Re8 16. Bxh6 Bd8+ 17. Qe5 Rxe5+ 18. dxe5 gxh6 19. Na3 Bc6 20. O-O-O
Bg5+ 21. Kb1 Qb8 22. Rhe1 Be7 23. Nc2 a5 24. Nd4 Ba3 25. Rd2 Ba4 26. g3 h5 27.
f4 Bb5 28. bxa3 Bd3+ 29. Ka1 Ba6 30. e6 Qc8 31. Rc2 Bd3 32. Rcc1 Kf8 33. exf7
Kxf7 34. h4 Qg4 35. Re3 Be4 36. Nc6 Qc8 37. Ne5+ Kf6 38. c4 Ke6 39. Ree1 Qc5 40.
Rcd1 Qf2 41. cxd5+ Kf5 42. d6 Qf3 43. Nxf3 Bxf3 44. d7 Kg4 45. d8=Q Kxg3 46.
Qg5+ Kf2 47. Qg1# 1-0

[Event "AUTO-INT-411"]
[Site "http://www.queenalice.com/game.php?id=268776"]
[Date "2007.9.8"]
[Round "2"]
[White "Sandrio2006"]
[Black "FrankC"]
[Result "1-0"]
[WhiteElo "1585"]
[BlackElo "1849"]

1. g3 e5 2. Bg2 d6 3. Nf3 Bg4 4. O-O Qd7 5. Ng5 h6 6. Bxb7 hxg5 7. Bxa8 Bh3 8.
Re1 Qe6 9. c3 Qd7 10. Qb3 Qc8 11. Qa4+ Nd7 12. Qxa7 Be7 13. Bc6 Nf6 14. d4 Kf8
15. f3 Ne8 16. g4 Ndf6 17. e4 Nxg4 18. fxg4 Qxg4+ 19. Kf2 Bg2 20. Qb8 g6 21.
Qxe8+ Kg7 22. Qxe7 Qf3+ 23. Kg1 Bh1 24. Qxg5 Rxh2 25. Kxh2 Qf2+ 26. Kxh1 Qxe1+
27. Kh2 Qe2+ 28. Qg2 Qh5+ 29. Kg3 Qd1 30. Bd2 Kg8 31. Kf2 Qc2 32. Qg4 Qxb2 33.
Qc8+ Kg7 34. Qxc7 Qxa1 35. Be8 Qxb1 36. Qxf7+ Kh8 37. Qf6+ Kg8 38. Bf7+ Kf8 39.
Bh6# 1-0